000 00413nam a2200181Ia 4500
001 10472
005 20260306161834.0
008 260306t1997||||xx |||||||||||||| ||spa||
041 _aESP
082 _a930.1
_bP86
100 _aPrice, T. Douglas
_eAUT
245 0 _aImages of the past
260 _c1997
300 _a534 páginas :
_c27 cm.
650 _aGEN
654 _aCHU
942 _cLIB
_dJUS
_fJUS
_2ddc
_n
999 _c10472
_d10472